|
|
|
|
| LEADER |
00000nam0a2200000 4500 |
| 001 |
263437 |
| 005 |
20231101233734.0 |
| 035 |
|
|
|a (RuTPU)RU\TPU\book\286422
|
| 090 |
|
|
|a 263437
|
| 100 |
|
|
|a 20140609d1972 k y0rusy50 ca
|
| 101 |
0 |
|
|a rus
|
| 102 |
|
|
|a RU
|
| 105 |
|
|
|a y z 001zy
|
| 200 |
1 |
|
|a Проектирование квазиоптимальных следящих систем комбинированного регулирования
|f Б. В. Новоселов
|
| 210 |
|
|
|a Москва
|c Энергия
|d 1972
|
| 215 |
|
|
|a 200 с.
|
| 320 |
|
|
|a Библиогр.: с. 191-197.
|
| 606 |
1 |
|
|a Следящие системы
|x Проектирование
|2 stltpush
|3 (RuTPU)RU\TPU\subj\55119
|9 73190
|
| 610 |
1 |
|
|a регулирование
|
| 610 |
1 |
|
|a траектории
|
| 610 |
1 |
|
|a следящие системы
|
| 610 |
1 |
|
|a коррекция
|
| 610 |
1 |
|
|a регулирование
|
| 610 |
1 |
|
|a самонастройка
|
| 610 |
1 |
|
|a построение
|
| 610 |
1 |
|
|a самонастройка
|
| 675 |
|
|
|a 681.513.3.001.6
|v 3
|
| 700 |
|
1 |
|a Новоселов
|b Б. В.
|g Борис Васильевич
|
| 801 |
|
1 |
|a RU
|b 63413507
|c 20140609
|
| 801 |
|
2 |
|a RU
|b 63413507
|c 20220512
|g RCR
|
| 942 |
|
|
|c BK
|